000
00298nam a22001217a 4500
020
_a
81-219-2492-8
082
_a
657
_b
WAS/A
100
_a
V.WASON
245
_a
ANALYSIS OF FINANCIAL STATEMENTS
_b
CLASS XII
260
_a
DELHI
_b
S.CHAND & SONS
650
_a
ACCOUNTANCY FOR CLASS XII
_z
INDIA
942
_c
BK
999
_c
628
_d
628